El Paradigma Emergente : Hacia una Nueva Teoría de la Racionalidad Científica / Miguel Martínez Migu‚lez (Registro nro. 12859)
[ vista simple ]
| 000 -LÍDER | |
|---|---|
| fixed length control field | 00607nam a2200169 4500 |
| 008 - ELEMENTOS DE LONGITUD FIJA -- INFORMACIÓN GENERAL | |
| fixed length control field | 0 1997 0x 000 0MEX |
| 020 ## - NÚMERO INTERNACIONAL NORMALIZADO PARA LIBROS | |
| ISBN | 968-24-0415-0 |
| 050 ## - SIGNATURA TOPOGRAFICA DE LA BIBLIOTECA DEL CONGRESO (LC) | |
| Número de Clasificación | B833 M37 |
| 082 ## - NUMERO DE CLASIFICACION DECIMAL DEWEY | |
| Número de Clasificación | 153.430 M385p |
| 100 ## - ASIENTO PRINCIPAL--NOMBRE PERSONAL | |
| Nombre personal | Martínez Migu‚lez, Miguel |
| 245 ## - TÍTULO | |
| Título | El Paradigma Emergente : Hacia una Nueva Teoría de la Racionalidad Científica / Miguel Martínez Migu‚lez |
| 250 ## - MENCIÓN DE EDICIÓN | |
| Mención de edición | 2 / |
| 260 ## - PUBLICACIÓN, DISTRIBUCIÓN, ETC. (PIE DE IMPRENTA) | |
| Lugar de publicación, distribución, etc. | México : Trillas |
| 300 ## - DESCRIPCIÓN FÍSICA | |
| Extensión | 263 p. / 23 cm. |
| 500 ## - NOTA GENERAL | |
| Nota general | Incluye coclusión general, bibliografía, índice onomástico. |
| 650 ## - ASIENTO SECUNDARIO DE MATERIA - TERMINO TEMÁTICO | |
| Término temático o nombre geográfico como elemento de entrada | 1. FILOSOFÍA DE LA CIENCIA \ 2. CIENCIA-METODOLOGÍA |
| No. biblioteca | No. biblioteca | Número de clasificación | Código de barras/Número de adquisición | Número de copia | Tipo de material |
|---|---|---|---|---|---|
| LUIS G. INCLAN | LUIS G. INCLAN | 153.430 M385p | 32216 | 1 | Libros |
| LUIS G. INCLAN | LUIS G. INCLAN | 153.430 M385p | 32217 | 2 | Libros |
